00715nam a2200241 a 4500001001300000003000900013005001700022008004100039020002400080082001500104100001600119245002800135260005400163300000900217500003500226505001000261650002300271700001600294902000800310942000700318952013300325999001500458nice12345678IN_TiNIC20260116013137.0050524s1997 newa grp 000 0 eng  a0847603 c278300a305.4bOCH aOchs, Carol aWomen and Spirituality. aNew YorkbRowman and Littlefield Publishersc1997 a178p aincludes index and biblioraphy2 aIndex aWomen and Religion1 aOchs, Carol bSRS cBK 001040708StackRoom-aHMIbHMId2007-03-21g2783.00l3m1o305.4 OCHp019896r2022-09-26s2022-09-23v2783.00w2005-05-24yBK c9840d9840